Chinese Cuisine by Images - Statistics

General Stats
  • This quiz has been taken 41 times
  • The average score is 6 of 16
Answer Stats
Picture Answer % Correct
Spring Rolls.
80%
Mooncake
69%
Fried Rice
66%
Sweet and Sour Pork
51%
Chow Mein
49%
Tanghulu
46%
Mapo tofu
43%
Kung Pao Chicken
37%
Wonton Soup
31%
Sesame balls
29%
Lo Mein
26%
Zongzi
26%
Scallion pancakes
14%
Dimsums
6%
Peking Roast Duck
3%
Chinese Hot Pot
0%
No matching quizzes found
Score Distribution
Percent of People with Each Score
Percentile by Number Answered
Your Score History
You have not taken this quiz